000 00316nam a2200157Ia 4500
100 _aHoile/Cefn
650 _aProjects
942 _cBK
366 _f25
245 _aMake:Raspberry Pi and AVR projects
260 _bSPD
_c2014
082 _bHOI
300 _a234
546 _aENGLISH
_cComputers
999 _c22080
_d22080